Facultad de Derecho – Universidad Nacional de Mar del Plata

Ley de la Navegacion (Record no. 2679)

MARC details
000 -CABECERA
campo de control de longitud fija 00385nam a22001457a 4500
020 ## - NUMERO INTERNACIONAL NORMALIZADO PARA LIBROS (ISBN)
International Standard Book Number 9502107489
080 ## - NUMERO DE CLASIFICACION DECIMAL UNIVERSAL (CDU)
Número de la Clasificación Decimal Universal 347.79 L 545
100 ## - ASIENTO PRINCIPAL--NOMBRE PERSONAL
Nombre personal Lena Paz, juan A.
245 ## - MENCION DE TITULO
Título propiamente dicho Ley de la Navegacion
Parte restante del título (20.094) Comentada
260 ## - PUBLICACION, DISTRIBUCION, ETC. (PIE DE IMPRENTA)
Lugar de publicación, distribución, etc. Buenos Aires
Nombre del editor, distribuidor, etc. Plus Ultra
Fecha de publicación, distribución, etc. 1985
300 ## - DESCRIPCION FISICA
Extensión 349 p.
650 ## - ASIENTO SECUNDARIO DE MATERIA - TERMINO TEMATICO
Subdivisión general ley de navegacion
-- derecho maritimo
-- ley 20094
945 ## - INFORMACION DE PROCESAMIENTO LOCAL
Responsable de carga/modificación Sabrina Cecilia Abram
AAAA-MM-DD - Fecha de ingreso/modificación 2014-11-05
942 ## - ELEMENTOS AGREGADOS (KOHA)
Clasificación normalizada de Koha para alfabetizar _
Holdings
Retirado Perdido Dañado No se presta Ubicación permanente Locación actual Estante o sala Fecha de adquisición Total préstamos Total renovaciones Signatura topográfica Inventario Prestado Ultima fecha vista Ultima fecha prestado Numero de ejemplar Fecha del precio Tipo de item de Koha
        Bib. Derecho Bib. Derecho Sala de Lectura 05/11/2014 7 6 347.79 L 545 41542 01/04/2020 18/02/2020 18/02/2020 Tomo I 05/11/2014 LIBRO

XHTML | CSS | ©Biblioteca Central - Dto. Tecnología de la Información - [ Con tecnología Koha ]